Yli 200 miljoonan asukkaan valtiot - Statistics

Yleistilastot
  • Tätä visaa on pelattu 1 687 kertaa
  • Keskiarvotulos 6 / 7
Vastaustilastot
Vuosi Väkiluku Valtio % Oikein
1720 1434 milj. Kiina
100%
1820 1429 milj. Intia
98%
1968 344 milj. Yhdysvallat
97%
2012 216 milj. Brasilia
80%
1995 278 milj. Indonesia
71%
2011 241 milj. Pakistan
64%
2018 224 milj. Nigeria
63%
Ehtoja vastaavia visoja ei löytynyt
Tulosjakauma
Jokaisen tuloksen saaneiden osuus
Persentiili vastausten määrän mukaan
Tuloshistoriasi
Et ole pelannut tätä visaa